Giáo trình xã hội học đại cương

Đối tượng, chức năng, nhiệm vụ nghiên cứu xã hội học; Sự ra đời và phát triển của xã hội học; Phương pháp nghiên cứu xã hội học, hành động xã hội và tương tác xã hội, tổ chức xã hội và thiết chế xã hội, cơ cấu xã hội, trật tự xã hội và kiểm soát xã hội, văn hoá và xã hội hoá cùng một số lĩnh vực ngh...

Volledige beschrijving

Bewaard in:
Bibliografische gegevens
Andere auteurs: Vũ Quang H (ch.b), Nguyễn Thị Hồng Xoan
Formaat: Boek
Taal:Vietnamese
Gepubliceerd in: H. Đại học Quốc gia 2003
Onderwerpen:
Tags: Voeg label toe
Geen labels, Wees de eerste die dit record labelt!
Thư viện lưu trữ: Mạng thư viện Đại học Đà Nẵng
LEADER 01388nam a2200337 4500
001 000007267
003 3428
005 20111110161117.0
008 110928s2003 viesd
020 |c 64000đ 
041 0 |a vie 
082 |a 301.07  |b Xah 
245 0 |a Giáo trình xã hội học đại cương  |c Vũ Quang Hà (ch.b) ; Nguyễn Thị Hồng Xoan 
260 |a H.  |b Đại học Quốc gia  |c 2003 
300 |a 563 tr  |c 21 cm 
504 |a Thư mục tr : 555-557 
520 |a Đối tượng, chức năng, nhiệm vụ nghiên cứu xã hội học; Sự ra đời và phát triển của xã hội học; Phương pháp nghiên cứu xã hội học, hành động xã hội và tương tác xã hội, tổ chức xã hội và thiết chế xã hội, cơ cấu xã hội, trật tự xã hội và kiểm soát xã hội, văn hoá và xã hội hoá cùng một số lĩnh vực nghiên cứu của xã hội học 
653 |a Phương pháp nghiên cứu 
653 |a Xã hội học 
653 |a Giáo trình 
700 |a Vũ Quang Hà  |e ch.b 
700 |a Nguyễn Thị Hồng Xoan 
910 |a Nguyễn Thị Kim Oanh  |d 28/09/2011 
OWN |a LSP 
999 |a From the UDN01 
TYP |a Monograph 
TYP |a Printed language 
980 |a Mạng thư viện Đại học Đà Nẵng